[Event "33rd ECCC Open 2017"]
[Site "Antalya"]
[Date "2017.10.14"]
[Round "6"]
[White "Inarkiev, Ernesto"]
[Black "Efimenko, Zahar"]
[Result "1/2-1/2"]
[WhiteElo "2693"]
[BlackElo "2636"]
[Annotator "TA"]
[PlyCount "245"]
[EventType "team-tourn"]
[EventCountry "TUR"]
[SourceTitle "playchess.com"]
[Source "ChessBase"]
[SourceQuality "1"]
[WhiteTeam "Legacy Square Capital"]
[BlackTeam "Beer Sheva"]

{[%evp 19,245,-16,22,14,37,29,29,29,29,21,31,22,10,-4,37,30,32,20,38,35,44,31,47,35,50,33,34,0,17,14,14,9,68,33,60,0,0,0,0,0,0,0,0,0,0,0,11,0,14,-6,25,21,29,19,31,31,34,22,27,22,30,0,42,30,37,30,46,0,0,0,12,6,34,13,15,5,24,0,8,0,0,0,0,0,0,0,0,0,0,0,0,0,0,0,0,0,0,0,0,0,0,0,0,0,0,0,0,0,0,0,0,0,0,0,0,0,0,0,0,0,0,0,0,0,0,0,0,0,0,0,0,0,0,0,0,0,0,0,0,0,0,0,0,0,0,0,0,0,0,0,0,0,0,0,0,0,0,0,0,0,29967,164,5081,0,0,0,0,0,0,0,0,0,0,0,0,0,0,0,0,0,29953,0,0,0,0,0,0,0,0,0,0,0,0,0,0,0,0,0,0,0,0,0,0,0,0,0,0,0,0,0,0,0,0,0,0,0,0,0,0,0,0,0,0,0,0,0,0,0]} 1. c4 Nf6 2. Nc3 e5 3. Nf3 Nc6 4. g3 Bb4 5. Nd5 Bc5 6. Bg2 O-O 7. O-O d6 8. e3 Bg4 9. h3 {A29: English Opening: Four Knights Variation with 4 g3} Bh5 10. d3 (10. g4 Bg6 11. d4 Bb6 12. Nxb6 axb6 13. b3 Be4 14. Bb2 Re8 15. dxe5 dxe5 16. Qxd8 Raxd8 {½-½ (49) Salomon,J (2501)-Yu,Y (2749) Khanty-Mansiysk 2017}) 10... a5 {LiveBook: 3 Games} 11. Nc3 h6 12. b3 Re8 13. Bb2 Qd7 14. a3 Ba7 $146 ({Predecessor:} 14... Nd8 15. d4 exd4 16. exd4 Ba7 {½-½ (36) Van Damme,L (2444)-Poulsen,J (2370) corr 2000}) 15. Kh2 Nd8 16. Ne2 Bxf3 17. Bxf3 c6 18. b4 Ne6 19. Bg2 Bb6 20. Qd2 axb4 21. axb4 Rad8 22. f4 Bc7 23. Kh1 Qe7 24. Rae1 Nf8 25. e4 c5 ({Better is} 25... Ng6 $11) 26. Nc3 N8d7 27. Nd1 (27. Nd5 $14 Nxd5 28. exd5 (28. cxd5 cxb4 29. Qxb4 Nc5 $11)) 27... cxb4 28. Qxb4 Ra8 29. Re3 Ba5 30. Qb3 Bb6 31. Ref3 Ra6 32. Qc2 Qd8 33. Bc3 Bd4 34. Bd2 Ra1 35. Ne3 Rxf1+ 36. Rxf1 Bxe3 37. Bxe3 Qc7 38. Qa2 Nc5 39. Qa3 b6 40. Bf3 Qc8 41. Kg2 Qc6 42. Ra1 Nfd7 43. Qc3 Ra8 44. Ra3 Rxa3 45. Qxa3 Ne6 46. Bg4 Ndc5 47. Bxe6 fxe6 48. Bxc5 (48. fxe5 {seems wilder.} dxe5 49. Kf1 h5 50. Ke2 Kf7 51. Qc3) 48... bxc5 $11 {[%mdl 4096] Endgame KQ-KQ} 49. Qa7 exf4 50. gxf4 Qe8 51. Kg3 Kh7 52. Qc7 Qg6+ 53. Kf2 Qh5 54. Qxd6 Qxh3 55. f5 exf5 56. Qxc5 Qh4+ 57. Ke3 Qg3+ 58. Kd2 f4 59. Qf5+ Kh8 60. c5 Qe3+ 61. Kc2 Qd4 62. Qf8+ Kh7 63. Qf5+ Kh8 64. c6 Qa4+ 65. Kd2 Qxc6 66. Qxf4 Kg8 67. d4 Qc4 68. Qd6 Qa2+ 69. Ke3 Qb3+ 70. Kf4 g5+ 71. Kg4 Qd1+ 72. Kf5 {Intending Kg6 and mate.} Qf3+ 73. Ke5 Qf4+ 74. Kd5 Qxd6+ 75. Kxd6 {Hoping for e5. KPP-KPP} g4 76. e5 $1 {[%cal Re5e6]} g3 77. e6 {e7 would kill now.} g2 78. e7 g1=Q {( -> ...Kf7)} ({Of course not} 78... Kf7 $6 79. Kd7 $16) 79. e8=Q+ {KQ-KQ} Kg7 80. Qe5+ Kg6 81. Qe4+ Kg7 82. Ke6 h5 83. Qe5+ Kg6 84. Qf6+ Kh7 85. d5 Qg4+ 86. Ke7 h4 87. Qf7+ Kh6 88. d6 {Threatens to win with Qe6+.} Qb4 89. Qf6+ Kh5 $2 {[%mdl 8192] [#]} (89... Kh7 $11) 90. Qf5+ Kh6 {Now ...Kg7 and Black clings on.} 91. Qe6+ $2 (91. Ke6 $18 Qb6 92. Qg4) 91... Kg7 92. Qf6+ Kh7 93. Qf5+ Kg7 94. Qg5+ Kh7 95. Kf7 {[%cal Rg5h5]} Qb3+ 96. Ke8 Qb8+ 97. Ke7 Qb4 98. Qh5+ Kg7 $1 99. Qe5+ Kh7 $2 {[%mdl 8192] [#]} (99... Kg6 $11) 100. Qg5 $2 (100. Ke8 {mates} Qb8+ 101. Kf7 Qb7+ 102. Ke6 Qb3+ 103. Kf6 Qf3+ 104. Ke7 Qa3 105. Qh5+ Kg8 106. Qg5+ Kh7 107. Qxh4+ Kg6 108. Qg4+ Kh7 109. Qg5) 100... Qe4+ {The position is equal.} 101. Kf7 {[%cal Rg5h5]} Qf3+ 102. Qf6 Qb3+ 103. Kf8 {[%csl Gf8][%cal Rf6g7]} Qb8+ 104. Ke7 Qb4 105. Qf7+ Kh6 106. Qd5 Kg7 107. Qe6 {Qe5+ is the strong threat.} Qf4 108. Kd8 Qf8+ 109. Kc7 Qf4 110. Kc8 {aiming for d7.} Qf8+ 111. Kc7 Qf4 112. Qe7+ Kh6 113. Kc8 {Black must now prevent Qe6+.} Qc4+ 114. Qc7 Qg8+ 115. Kb7 Qb3+ 116. Qb6 Qf3+ 117. Ka7 Qa3+ 118. Kb8 {And now d7+ would win.} Qg3 119. Qd4 {Strongly threatening Qh8+.} h3 120. Kc8 Qg8+ 121. Kc7 Qg7+ 122. Qxg7+ Kxg7 123. d7 {Precision: White = 52%, Black = 77%.} 1/2-1/2

[Event "33rd ECCC Open 2017"]
[Site "Antalya"]
[Date "2017.10.13"]
[Round "6"]
[White "Malakhov, Vladimir"]
[Black "Roiz, Michael"]
[Result "1/2-1/2"]
[WhiteElo "2691"]
[BlackElo "2604"]
[Annotator "TA"]
[PlyCount "64"]
[EventType "team-tourn"]
[EventCountry "TUR"]
[SourceTitle "playchess.com"]
[Source "ChessBase"]
[SourceQuality "1"]
[WhiteTeam "Legacy Square Capital"]
[BlackTeam "Beer Sheva"]

{[%evp 18,64,15,0,-15,-9,-4,-38,0,0,38,46,43,53,88,55,57,60,57,67,65,61,66,35,28,35,59,67,68,64,82,97,84,61,94,101,70,-21,-18,-14,0,0,0,0,0,0,0,0,0]} 1. e4 e5 2. Nf3 Nc6 3. Bb5 Nf6 4. d3 Bc5 5. Bxc6 dxc6 6. Qe2 {C65: Spanische Partie (Berliner-Verteidigung)} Nd7 7. Be3 Bd6 8. Nbd2 O-O 9. d4 Re8 10. O-O-O {LiveBook: 3 Partien} Qe7 11. h4 $146 ({Vorgänger:} 11. Kb1 exd4 12. Nxd4 Nf6 13. f3 c5 14. N4b3 b6 15. Qf2 a5 16. Nc4 Ba6 {½-½ (16) Alekseev,E (2632)-Jakovenko,D (2704) Khanty-Mansiysk 2016}) 11... exd4 12. Nxd4 Ne5 13. f3 f6 14. g4 Qf7 15. Kb1 Bf8 16. Rhg1 c5 17. Nb5 b6 18. Nc3 Bb7 19. f4 Nc6 20. f5 Nd4 21. Qf2 b5 22. Bxd4 cxd4 23. Nxb5 c5 24. Qf4 {Sc7 ist eine echte Drohung.} Rad8 25. g5 c4 26. gxf6 Qxf6 27. Nxc4 ({Besser ist} 27. Qc7 $14) 27... Bxe4 $11 {Die Stellung ist ausgeglichen.} 28. Rge1 Qc6 29. Nxd4 Rxd4 30. Rxd4 Bxc2+ $1 31. Kxc2 Rxe1 32. b3 Qf6 {Precision: Weiß = 58%, Schwarz = 60%.} 1/2-1/2

[Event "33rd ECCC Open 2017"]
[Site "Antalya"]
[Date "2017.10.14"]
[Round "6"]
[White "Nisipeanu, Liviu-Dieter"]
[Black "Wojtaszek, Radoslaw"]
[Result "0-1"]
[WhiteElo "2672"]
[BlackElo "2737"]
[Annotator "TA"]
[PlyCount "82"]
[EventType "team-tourn"]
[EventCountry "TUR"]
[SourceTitle "playchess.com"]
[Source "ChessBase"]
[SourceQuality "1"]
[WhiteTeam "Baia Mare"]
[BlackTeam "Novy Bor"]

{[%evp 20,82,24,21,27,27,25,22,17,12,25,-7,44,19,16,17,41,40,39,39,56,53,66,0,0,0,0,-5,0,-11,-8,-10,-5,-5,-8,-8,-8,-8,-15,-25,-16,-31,-27,-33,0,0,0,0,0,-47,-47,-57,-46,-170,-180,-462,-467,-1060,-1055,-1741,-1733,-1610,-1530,-1633,-1633]} 1. Nf3 Nf6 2. g3 d5 3. Bg2 c6 4. O-O Bf5 5. d3 e6 6. Nh4 Bg4 {A07: Réti Opening: New York and Capablanca Systems} 7. h3 Bh5 8. Qe1 Be7 9. f4 Nfd7 10. Nf3 Bxf3 (10... f5 11. e4 Bxf3 12. Bxf3 O-O 13. Nc3 fxe4 14. dxe4 {1-0 (46) Kramnik,V (2808)-Adhiban,B (2671) Baku 2016}) 11. Bxf3 {LiveBook: 3 Games} O-O 12. e4 dxe4 13. dxe4 e5 14. Nd2 {[#]} Nc5 $146 15. Kh2 b5 ({Black should try} 15... Nbd7 $11) 16. Bg2 Nbd7 17. Nf3 a5 18. fxe5 Ne6 19. Bf4 Qc7 20. Rd1 Rfd8 21. Qf2 ({Better is} 21. c3 $14) 21... Bc5 $11 22. Qe2 Ndf8 23. c3 Ng6 24. Bc1 Rxd1 25. Rxd1 Nxe5 26. Nxe5 Qxe5 27. Qf3 Bd6 28. Rf1 f6 29. h4 Rd8 30. Bh3 Nc5 31. Bf4 Qe7 32. e5 Bxe5 33. Qxc6 Nd3 34. Qxb5 Nxf4 35. gxf4 Bc7 36. Rf2 (36. Qb3+ $15 Kf8 37. Qe6) 36... Qe3 $36 {[%mdl 3072] Black has strong compensation. Black is in control.} 37. Qc4+ $2 {[#]} (37. Qf1 {was forced.}) 37... Kf8 {Black is clearly winning.} 38. Kg2 (38. Qf1 $142 Rd1 39. Qxd1 Qxf2+ 40. Kh1) 38... Rd3 39. Bg4 Qg3+ 40. Kf1 Bb6 {[%csl Gb6][%cal Rg3f2] [#]} 41. Rg2 Qe3 {Precision: White = 38%, Black = 77%.} 0-1

[Event "33rd ECCC Open 2017"]
[Site "Antalya"]
[Date "2017.10.14"]
[Round "6"]
[White "Ragger, Markus"]
[Black "Vajda, Levente"]
[Result "0-1"]
[WhiteElo "2659"]
[BlackElo "2588"]
[Annotator "TA"]
[PlyCount "106"]
[EventType "team-tourn"]
[EventCountry "TUR"]
[SourceTitle "playchess.com"]
[Source "ChessBase"]
[SourceQuality "1"]
[WhiteTeam "Novy Bor"]
[BlackTeam "Baia Mare"]

{[%evp 29,106,82,68,-3,0,-42,-35,-36,-53,-35,25,-8,0,-20,-14,-45,-25,-33,-10,-11,-4,-166,-171,-283,-280,-278,-271,-272,-277,-319,-320,-281,-285,-303,-313,-414,-403,-425,-423,-457,-447,-545,-543,-506,-492,-477,-477,-706,-546,-972,-771,-709,-773,-768,-752,-768,-767,-759,-752,-704,-678,-2280,-2270,-2550,-2225,-29982,-2087,-2052,-2046,-1988,-1741,-1598,-1498,-6122,-5830,-5116,-4921,-1477,-1813]} 1. d4 Nf6 2. c4 c5 3. d5 b5 4. cxb5 a6 5. bxa6 Bxa6 6. Nc3 g6 7. e4 Bxf1 8. Kxf1 d6 9. g3 Bg7 10. Kg2 Nbd7 11. Nf3 {A59: Benko/Volga Gambit: White castles by hand} Qa5 (11... O-O 12. a4 Ra6 13. Re1 Qa8 14. Nb5 Rc8 15. Ra3 Ne8 16. Qc2 Nc7 17. Nxc7 Rxc7 18. b4 cxb4 19. Qxc7 bxa3 20. Bxa3 Rxa4 21. Qxd7 {0-1 (37) Vallejo Pons,F (2711)-Tregubov,P (2585) Tallinn 2016}) 12. a4 O-O 13. Qc2 Qb4 14. Bd2 Rfb8 15. Rhb1 Qb3 {LiveBook: 4 Games} 16. Ne1 ({White should try} 16. Qd3 $14) 16... Ne5 $146 ({Predecessor:} 16... c4 17. Ra3 Qxc2 18. Nxc2 Nc5 19. f3 Nfd7 20. Ne3 Rb4 21. Ncd1 Rbxa4 22. Nxc4 {1-0 (40) Menezes,C (2260)-Srbis,J (2399) Al Ain 2013}) 17. f3 (17. Bc1 {feels hotter.} Nc4 18. Qe2 Nd7 19. Nf3 Nde5 20. Ne1) 17... Nc4 {[#] aiming for ...Qxc2.} 18. Bc1 Qxc2+ 19. Nxc2 Rb3 ({Black should play} 19... Nd7 $15) 20. Na3 Na5 21. Nab5 Nd7 {[%cal Bf6d7,Bd7e5,Be5c4,Bc4d2][%mdl 32]} 22. Bd2 Ne5 23. Nc7 Nec4 24. Nxa8 Nxd2 25. Rc1 $2 (25. Rd1 $11 Rxb2 26. Ra2 Ndc4+ 27. Rxb2 Nxb2 28. Rc1) 25... Rxb2 $19 26. Ra2 (26. Nd1 {was forced.} Rb8 27. Nc7 Bxa1 28. Rxa1) 26... Bxc3 $1 27. Rxb2 Bxb2 28. Rc2 {[#]} Ndc4 $1 {[%cal Rc4e3]} 29. Kf2 Bd4+ 30. Ke2 Nb2 31. Nb6 Kf8 32. e5 Ke8 33. e6 f5 {[%cal Bf7f5,Bf5f4][%mdl 32]} 34. h4 h6 {[%cal Bh7h6,Bh6h5][%mdl 32]} 35. Kd2 c4 {[%cal Bc5c4,Bc4c3][%mdl 32]} 36. Ke2 c3 37. Nd7 Bg7 38. g4 (38. Nb8 $142 Kd8 39. g4) 38... f4 39. g5 h5 40. Nf6+ exf6 41. Rxc3 Nbc4 42. Rc1 fxg5 43. hxg5 Be5 44. Kd3 Nb2+ 45. Ke4 {intending Rc8+.} Nb3 {[%cal Rb3d2]} 46. Rc2 Nxa4 47. Rc8+ Ke7 {( -> ...Nbc5+)} 48. Kd3 {Black is clearly winning.} Nbc5+ 49. Kd2 Nb6 50. Rg8 Nxd5 51. Rxg6 Nxe6 52. Rh6 Ng7 53. Kd3 Nc7 {Precision: White = 22%, Black = 78%.} 0-1

[Event "33rd ECCC Open 2017"]
[Site "Antalya"]
[Date "2017.10.14"]
[Round "6"]
[White "Guseinov, Gadir"]
[Black "Fedoseev, Vladimir"]
[Result "1-0"]
[WhiteElo "2647"]
[BlackElo "2733"]
[Annotator "TA"]
[PlyCount "91"]
[EventType "team-tourn"]
[EventCountry "TUR"]
[SourceTitle "playchess.com"]
[Source "ChessBase"]
[SourceQuality "1"]
[WhiteTeam "Odlar Yurdu"]
[BlackTeam "Mednyi Vsadnik"]

{[%evp 17,91,23,28,18,24,26,26,4,14,10,-10,0,22,20,23,-9,85,85,84,83,100,102,85,94,93,91,83,67,85,75,62,53,68,48,59,69,146,52,51,20,99,0,0,0,97,97,143,134,161,99,186,69,94,104,246,229,247,245,257,246,302,297,291,277,357,338,346,432,394,416,426,426,580,543,794,847]} 1. e4 c6 2. d4 d5 3. Nc3 dxe4 4. Nxe4 Nd7 5. c3 Ngf6 6. Nxf6+ Nxf6 7. Bc4 Qc7 8. Qf3 e6 {B17: Caro-Kann-Verteidigung} (8... Bg4 9. Qg3 Qxg3 10. hxg3 e6 11. Nf3 Bd6 12. Ne5 Bf5 13. f3 Nd7 14. Bf4 Nxe5 15. dxe5 Bc7 16. O-O-O {½-½ (38) Sutovsky,E (2657)-Harikrishna,P (2672) Wijk aan Zee 2010}) 9. Bf4 Bd6 {LiveBook: 3 Partien} 10. Ne2 O-O {Die Stellung ist ausgeglichen.} 11. Bxd6 $146 ({Vorgänger:} 11. O-O b6 12. Rfe1 Bb7 13. Rad1 Rad8 14. Bxd6 Rxd6 15. Qf4 Rfd8 16. Bb3 h6 17. h3 c5 18. dxc5 Qc6 19. f3 Rxd1 20. Rxd1 Qxc5+ {0-1 (31) Malachi,A (2218)-Erenburg,S (2436) Israel 2002}) 11... Qxd6 12. Qf4 Qe7 13. O-O-O b5 14. Bd3 Bb7 15. Qh4 {Droht stark Lxh7+!} Rae8 16. Ng3 {[%cal Be2g3,Bg3h5,Bh5f4][%mdl 32]} c5 (16... b4 $11) 17. Bxb5 $16 Rc8 18. Nh5 Nd5 19. Qxe7 Nxe7 20. Be2 Bd5 21. dxc5 Rxc5 22. Nf4 Bxa2 23. Rd7 Nc8 24. Kc2 Rf5 $1 {[%cal Rf5f4]} 25. Nd3 {Und b3 würde nun gewinnen.} Bd5 26. f3 $36 {[%mdl 2048] Schwarz steht unter Druck.} h5 (26... a5 $14) 27. h4 ({Lieber} 27. Ra1 $16) 27... a5 $14 28. b3 {Schwarz muss nun c4 beachten.} Nb6 (28... a4 $1 $11 {bleibt in der Remisbreite.}) 29. Rd6 Nc8 30. Rd7 Nb6 31. Rc7 e5 {[#]} 32. Nc5 $1 Rf6 33. c4 (33. Rd1 $18) 33... Ra8 {[#]} (33... Rc6 $16 34. Rxc6 Bxc6) 34. Ra1 (34. cxd5 $6 Nxd5 35. Rd7 Nb6 $14) (34. Rd1 $1 $18 Rc6 35. Rxc6 Bxc6 36. Rd6) 34... Rg6 35. Bf1 Bc6 (35... Rc6 $16 36. Rxc6 Bxc6) 36. Re7 $18 Rf6 37. Rxe5 Rf4 38. Nd3 ({Bloß nicht} 38. Rxh5 a4 $18) 38... Rxh4 39. Raxa5 Rxa5 40. Rxa5 Rh1 41. Be2 Rg1 42. Nf4 ({Nicht} 42. Rxh5 Rxg2 43. Kd1 Rg3 $16) 42... h4 43. Ra6 g5 44. Rxb6 {Weiß steht klar auf Gewinn.} Bd7 45. Rd6 Be8 46. Rd1 {Precision: Weiß = 57%, Schwarz = 54%.} 1-0

[Event "33rd ECCC Open 2017"]
[Site "Antalya"]
[Date "2017.10.14"]
[Round "6"]
[White "Zvjaginsev, Vadim"]
[Black "Mikhalevski, Victor"]
[Result "1-0"]
[WhiteElo "2643"]
[BlackElo "2547"]
[Annotator "TA"]
[PlyCount "89"]
[EventType "team-tourn"]
[EventCountry "TUR"]
[SourceTitle "playchess.com"]
[Source "ChessBase"]
[SourceQuality "1"]
[WhiteTeam "Legacy Square Capital"]
[BlackTeam "Beer Sheva"]

{[%evp 9,89,10,17,-8,0,-18,-9,-20,-16,-20,0,0,0,8,35,44,48,18,67,10,19,23,34,15,31,16,66,57,65,59,142,146,207,99,112,117,117,80,106,108,141,28,43,31,26,20,81,83,79,86,120,120,122,117,115,115,155,143,141,111,131,112,108,117,165,162,170,164,308,317,481,523,498,491,1779,1756,1529,1367,5197,5184,1778,1820]} 1. b3 d5 2. Bb2 Bg4 3. Nf3 Nd7 4. e3 e6 5. h3 Bh5 {LiveBook: 24 Games} 6. Nc3 {A06: Réti Opening:1 Nf3 d5} (6. d3 c6 7. Nbd2 a5 8. a3 h6 9. g4 Bg6 10. Qe2 Ngf6 11. e4 {½-½ (30) Nisipeanu,L (2678)-Svidler,P (2727) Baku 2015}) 6... c6 7. d3 $146 ({Predecessor:} 7. Be2 Ngf6 8. d4 Bd6 9. O-O O-O 10. Ne5 Bxe2 11. Nxe2 Qc7 12. f4 {0-1 (41) Trempetic,M (2055)-Zecevic,D (2283) Velika Gorica 2013}) 7... a5 8. a3 {The position is equal.} h6 9. d4 Bg6 10. Bd3 Bxd3 11. Qxd3 f5 12. g4 Qf6 13. gxf5 exf5 14. Ne5 ({White should play} 14. h4 $14) 14... Nxe5 $11 15. dxe5 Qxe5 16. O-O-O O-O-O 17. Nb5 Qe4 18. Qc3 Nf6 19. Nd4 Qe7 ({Black should try} 19... c5 $14) 20. Qxa5 $16 Ne4 (20... Rg8 $16 21. Nxf5 Qe6) 21. Nxf5 (21. Rhg1 $1 $18 {has better winning chances.}) 21... Qc7 22. Qxc7+ Kxc7 23. Rdf1 ({Not} 23. Bxg7 Bxa3+ 24. Kb1 Nxf2 $17) 23... Rh7 24. f3 Nc5 {[#]} 25. Nh4 ({Better is} 25. Rfg1 $1 $16) 25... g5 $1 $11 {[%cal Rg5h4]} 26. Ng6 Bd6 27. h4 {Threatens to win with hxg5.} Rf7 (27... Rg8 $11 28. h5 Re8) 28. hxg5 hxg5 29. Ne5 $36 {[%mdl 2048] White is in control.} Re7 {[#]} 30. Ng4 $1 {Bf6 is the strong threat.} Rf8 31. Kd1 b5 32. Rh3 Ref7 33. Ke2 Ne6 34. Rfh1 d4 35. Bxd4 Nxd4+ 36. exd4 Re7+ 37. Kd3 Bxa3 38. Ne5 {Black must now prevent Ng6.} Rd8 (38... Rfe8 {was worth a try.} 39. Rh7 c5) 39. Rh7 $18 Kb6 (39... Rde8 {was called for.} 40. Rxe7+ Rxe7) 40. Rxe7 {White is clearly winning.} Bxe7 41. Rh6 Rd6 (41... Ba3 $142 42. Rxc6+ Kb7) 42. Rxd6 Bxd6 43. c4 {[%cal Bc2c4,Bc4c5][%mdl 32]} Ba3 44. c5+ Kc7 45. Ke4 {Precision: White = 61%, Black = 34%.} 1-0

[Event "33rd ECCC Open 2017"]
[Site "Antalya"]
[Date "2017.10.14"]
[Round "6"]
[White "Lupulescu, Constantin"]
[Black "Navara, David"]
[Result "1/2-1/2"]
[WhiteElo "2620"]
[BlackElo "2726"]
[Annotator "TA"]
[PlyCount "228"]
[EventType "team-tourn"]
[EventCountry "TUR"]
[SourceTitle "playchess.com"]
[Source "ChessBase"]
[SourceQuality "1"]
[WhiteTeam "Baia Mare"]
[BlackTeam "Novy Bor"]

{[%evp 18,228,0,0,10,0,0,0,0,0,0,0,0,0,0,0,0,-14,0,0,0,0,0,-26,-10,-28,-22,-33,-14,-14,-14,-15,-13,-33,-35,-28,0,0,0,0,0,0,0,0,13,0,110,103,105,68,160,166,163,149,246,239,342,342,685,342,342,342,342,342,342,342,342,342,342,342,342,335,328,328,318,311,296,289,495,495,658,658,631,616,801,785,29965,29967,29968,29965,29966,29968,29967,29951,5114,658,658,658,658,658,658,0,658,658,658,658,658,658,658,0,658,658,29983,29977,10371,0,658,658,658,658,658,658,658,658,658,658,658,658,658,658,658,0,658,658,658,658,658,658,658,658,658,0,658,0,658,658,658,658,658,658,658,658,659,659,659,659,659,659,659,654,654,654,654,0,654,654,654,654,654,654,654,0,654,616,616,526,526,526,616,616,616,0,616,526,526,526,526,526,526,0,526,526,526,526,526,526,526,526,526,526,526,526,526,526,526,526,526,526,526,526,526,526,526]} 1. Nf3 c5 2. c4 Nc6 3. d4 cxd4 4. Nxd4 Nf6 5. Nc3 e6 6. Bf4 Bb4 {A33: Symmetrical English: 2 Nf3 Nf6 3 d4 cxd4 4 Nxd4 e6 5 Nc3 Nc6} (6... d5 7. e3 Bb4 8. Be2 O-O 9. O-O Bxc3 10. bxc3 Re8 11. Bg5 h6 12. Bh4 g5 13. Bg3 Ne4 14. Qc2 e5 15. Nxc6 bxc6 16. cxd5 cxd5 {0-1 (41) Bu,X (2710)-Svidler,P (2751) Tbilisi 2017}) 7. Ndb5 O-O 8. a3 Bxc3+ 9. Nxc3 d5 10. e3 {LiveBook: 12 Games} Re8 11. Bg3 $146 ({Predecessor:} 11. Bg5 h6 12. Bh4 d4 13. exd4 Nxd4 14. Bd3 Nf5 15. Bxf6 Qxf6 {½-½ (62) Dziggel,H-Cody,P CServe email 1996}) 11... d4 12. exd4 Nxd4 13. Be5 Nc6 14. Qxd8 Rxd8 15. Bxf6 gxf6 16. Rd1 Rxd1+ 17. Kxd1 b6 18. Bd3 Ba6 19. Kc2 Nd4+ 20. Kb1 Rc8 21. Ne4 Kg7 22. Nd2 e5 23. Re1 Rd8 24. Bf1 Bc8 25. Ne4 Bf5 26. b4 a5 27. Kb2 axb4 28. axb4 Nc6 29. b5 Na5 $1 30. c5 Bxe4 $1 31. Rxe4 $11 {[%mdl 4096] Endgame KRB-KRN} Rd2+ (31... bxc5 $11 32. f4 Rd1) 32. Kc3 $16 Rxf2 33. Bc4 bxc5 (33... f5 $1 $14 34. Rxe5 Kf6) 34. Bd5 $1 {Black must now prevent Rg4+.} c4 35. Re1 $1 {[%mdl 1024] White has strong compensation.} Nb3 (35... h5 $16 36. b6 Ra2) 36. b6 $1 $18 {[%cal Rb6b7] Strongly threatening b7.} (36. Kxc4 Nd4 $14) 36... Nd4 (36... Nc5 {was called for.}) 37. Rb1 $1 ({Less strong is} 37. Kxc4 Rc2+ 38. Kd3 Rb2 $14) 37... Rc2+ 38. Kb4 c3 {[#] intending ...Rb2+.} 39. Ka3 $1 Rd2 {aiming for ...c2.} 40. b7 c2 {[#]} 41. Rc1 $1 ({But not} 41. b8=Q $2 Rd1 $19) 41... Nb5+ 42. Kb2 Rxd5 43. b8=Q Nd4 {and the idea ...Rb5+ leaves Black hopeful.} 44. Qc7 Rb5+ 45. Ka2 Rb4 46. Rxc2 Nxc2 47. Qxc2 {KQ-KR} h5 $2 (47... Rd4 48. Kb3 h5) 48. g3 h4 49. Qc3 Rd4 50. gxh4 f5 51. Qg3+ Kh7 52. Qxe5 Ra4+ 53. Kb3 Ra6 54. Qxf5+ Kg7 55. Qe5+ Kg8 56. h5 Re6 57. Qg5+ Kh7 58. Qf5+ Kg7 59. Qg5+ Kh7 60. Kc4 Rc6+ 61. Kd4 Re6 62. Qf5+ Kg7 63. Qg5+ Kh7 64. Kd3 Rh6 65. Qf5+ Kg7 66. Qg5+ Kh7 67. Ke4 Re6+ 68. Kf4 Rh6 69. Qf5+ Kg7 70. Kg5 Rc6 71. Qd5 Rh6 72. Qd4+ Kh7 73. Qd3+ Kg7 74. Qd4+ Kh7 $1 75. Qf4 Kg7 76. Kg4 Re6 77. Qg5+ Kh7 78. Qd5 Kg7 79. Kg5 Rh6 $1 80. Qd4+ Kh7 $1 81. Qc4 Kg7 82. Qc3+ Kh7 83. Qf3 Kg7 84. Qf4 Re6 85. Kg4 Rh6 86. Qe5+ Kh7 87. Qf5+ Kg7 88. h3 Re6 89. Qg5+ Kh7 90. Qf5+ Kg7 91. Qf4 Rh6 92. Kg5 Re6 93. Qd4+ Kh7 94. Qf4 Kg7 95. h6+ Rxh6 96. h4 Rg6+ 97. Kh5 Re6 98. Qd4+ Kh7 99. Qf4 Kg7 $1 100. Qg5+ Rg6 101. Qe5+ Kh7 102. Qe3 Kg8 103. Qe5 Kh7 $1 104. Qe7 {White is clearly winning.} Kg8 105. Qd8+ Kg7 106. Qb8 Rg2 107. Qe5+ Kg8 108. Qe8+ Kg7 109. Qa8 Rg6 110. Qd8 Rg2 111. Qd4+ Kg8 112. Qa4 {Intending Qa8+ and mate.} Rg6 113. Qe8+ Kg7 114. Qa8 Rg1 {[%mdl 32768] Precision: White = 87%, Black = 57%. . An unexpected result.} 1/2-1/2